[Event "Challenge"]
[Site "http://www.queenalice.com/game.php?id=598139"]
[Date "2009.6.3"]
[Round "-"]
[White "gyatso"]
[Black "Kuroi"]
[Result "0-1"]
[WhiteElo "1718"]
[BlackElo "1665"]

1. d4 d5 2. c4 dxc4 3. e4 e6 4. Bxc4 Bb4+ 5. Nc3 Nc6 6. Ne2 Nf6 7. e5 Ng4 8. h3
Nh6 9. Bxh6 gxh6 10. O-O Be7 11. Bb5 a6 12. Bxc6+ bxc6 13. Rc1 Bb7 14. Na4 Rg8
15. Ng3 Bh4 16. Ne4 c5 17. Naxc5 Bd5 18. Qa4+ c6 19. Nd6+ Kf8 20. Qd1 Rxg2+ 21.
Kh1 Rxf2+ 22. Nce4 Qxd6 23. exd6 Bxe4+ 24. Kg1 Rg2+ 25. Kh1 Rd2+ 26. Kg1 Rxd1
27. Rcxd1 Bd5 28. b3 Rd8 29. Rc1 Rxd6 30. Rc5 e5 31. dxe5 Re6 32. Rf5 Rg6+ 33.
Kf1 Bg2+ 34. Ke2 Bxh3 35. Rf4 Rg2+ 36. Kd3 Rg3+ 37. Kd4 Bg5 38. Re4 Bg2 39. Re1
Be7 40. Rc2 c5+ 41. Kc4 h5 42. Ree2 Bf1 43. Kd5 Bxe2 44. Rxe2 h4 45. Rf2 h3 46.
e6 f6 47. Rh2 f5 48. Rf2 Rg5 0-1

[Event "AUTO-ADV-1359"]
[Site "http://www.queenalice.com/game.php?id=601122"]
[Date "2009.6.10"]
[Round "1"]
[White "luizpessoa"]
[Black "gyatso"]
[Result "1-0"]
[WhiteElo "1696"]
[BlackElo "1534"]

1. e4 c5 2. Bc4 e6 3. Nf3 Nf6 4. d3 Be7 5. Bg5 d5 6. exd5 exd5 7. Bb5+ Bd7 8.
Bxd7+ Nbxd7 9. Nc3 O-O 10. a3 Re8 11. O-O h6 12. Bh4 Nf8 13. Re1 Ng6 14. Bg3 Bd6
15. Rxe8+ Nxe8 16. d4 Bxg3 17. hxg3 c4 18. Ne5 Nxe5 19. dxe5 d4 20. Ne2 d3 21.
cxd3 Qxd3 22. Qxd3 cxd3 23. Nf4 Rd8 24. Rd1 d2 25. Kf1 g5 26. Ne2 Ng7 27. Nc3
Nf5 28. Ne4 Rd4 29. Nxd2 g4 30. Ke2 b5 31. Nb3 1-0

[Event "AUTO-ADV-1359"]
[Site "http://www.queenalice.com/game.php?id=601123"]
[Date "2009.6.10"]
[Round "1"]
[White "gyatso"]
[Black "luizpessoa"]
[Result "0-1"]
[WhiteElo "1544"]
[BlackElo "1686"]

1. d4 d5 2. c4 dxc4 3. e4 b5 4. a4 c6 5. b3 cxb3 6. axb5 Bb7 7. Nf3 e6 8. Qxb3
Be7 9. Bd3 Nf6 10. O-O h6 11. Ba3 O-O 12. Nc3 a6 13. bxa6 Bc8 14. a7 Rxa7 15.
Bxe7 Qxe7 16. e5 Rb7 17. exf6 Qxf6 18. Qc2 Nd7 19. Ne4 Qe7 20. Ra8 Nb6 21. Raa1
Nd5 22. Nc5 Rc7 23. Ra8 Nb4 24. Bh7+ Kh8 25. Qb1 Nd5 26. Ne5 g6 27. Bxg6 fxg6
28. Nxg6+ Kg7 29. Nxe7 Rxe7 30. Qb8 Ref7 0-1

[Event "AUTO-ADV-1359"]
[Site "http://www.queenalice.com/game.php?id=601136"]
[Date "2009.6.10"]
[Round "1"]
[White "gyatso"]
[Black "Undertaker"]
[Result "0-1"]
[WhiteElo "1760"]
[BlackElo "2047"]

1. d4 d5 2. c4 dxc4 3. e4 Nc6 4. Be3 Nf6 5. f3 e5 6. d5 Bb4+ 7. Nc3 Na5 8. Qa4+
c6 9. Qxb4 cxd5 10. exd5 Nxd5 11. Qb5+ Nc6 12. Qxd5 Qf6 13. Ne4 Qe7 14. Bc5 Qc7
15. Nd6+ Kd8 16. Nxf7+ Ke8 17. Nxh8 Bf5 18. O-O-O Rd8 0-1

[Event "AUTO-ADV-1359"]
[Site "http://www.queenalice.com/game.php?id=601137"]
[Date "2009.6.10"]
[Round "1"]
[White "Undertaker"]
[Black "gyatso"]
[Result "1-0"]
[WhiteElo "2052"]
[BlackElo "1755"]

1. e4 c5 2. Bc4 e6 3. Nf3 Nf6 4. d3 d5 5. exd5 exd5 6. Qe2+ Be6 7. Bb5+ Nbd7 8.
O-O Be7 9. Re1 O-O 10. Ng5 Re8 11. Nxe6 fxe6 12. Qxe6+ Kh8 13. Nc3 Bf8 14. Qxe8
Nxe8 15. Nxd5 Nc7 16. Bc4 Nb6 17. Nxb6 axb6 18. Re4 Nd5 19. d4 1-0

[Event "AUTO-OPEN-1583"]
[Site "http://www.queenalice.com/game.php?id=601154"]
[Date "2009.6.10"]
[Round "1"]
[White "Ninho"]
[Black "gyatso"]
[Result "1-0"]
[WhiteElo "1747"]
[BlackElo "1509"]

1. e4 c5 2. Nf3 Nc6 3. Nc3 g6 4. d3 Bg7 5. Be2 e6 6. O-O Nge7 7. Re1 O-O 8. a4
d5 9. exd5 exd5 10. Ra3 Nf5 11. Bf4 a6 12. Bd2 Nfd4 13. Nxd4 cxd4 14. Nb1 Re8
15. b4 Be6 16. Bf3 b5 17. a5 Rc8 18. Rb3 Qf6 19. Na3 Ne5 20. Be2 h5 21. Rf1 Bf8
22. f4 Ng4 23. Qc1 1-0

[Event "AUTO-OPEN-1583"]
[Site "http://www.queenalice.com/game.php?id=601155"]
[Date "2009.6.10"]
[Round "1"]
[White "gyatso"]
[Black "Ninho"]
[Result "0-1"]
[WhiteElo "1503"]
[BlackElo "1753"]

1. d4 Nf6 2. c4 b6 3. Nf3 Bb7 4. g3 e6 5. Bg2 d6 6. O-O Be7 7. Nc3 O-O 8. Bg5
Nfd7 9. Bxe7 Qxe7 10. e4 a6 11. Re1 c6 12. d5 cxd5 13. exd5 e5 14. Nd2 f5 15. f4
Re8 16. Nf3 e4 17. Nd4 Qf7 18. Ne6 Nc5 19. Nd4 Nd3 20. Re2 Nd7 21. a3 N7c5 22.
b4 Nd7 23. Ne6 Nf6 24. Na4 b5 25. Nb6 Ra7 26. Rd2 bxc4 0-1

[Event "AUTO-OPEN-1583"]
[Site "http://www.queenalice.com/game.php?id=601183"]
[Date "2009.6.10"]
[Round "1"]
[White "gyatso"]
[Black "goleiro"]
[Result "0-1"]
[WhiteElo "1565"]
[BlackElo "1434"]

1. Nf3 d5 2. c4 c6 3. d4 e6 4. g3 Na6 5. Bg2 Bb4+ 6. Bd2 dxc4 7. O-O Nf6 8. Bg5
h6 9. Bxf6 Qxf6 10. Ne5 O-O 0-1

[Event "AUTO-OPEN-1583"]
[Site "http://www.queenalice.com/game.php?id=601202"]
[Date "2009.6.10"]
[Round "1"]
[White "gyatso"]
[Black "Archer"]
[Result "0-1"]
[WhiteElo "1734"]
[BlackElo "1735"]

1. d4 d5 2. c4 dxc4 3. e4 b5 4. a4 Ba6 5. axb5 Bxb5 6. b3 Ba6 7. bxc4 e6 8. Nf3
h6 9. Bd3 Be7 10. O-O Nc6 11. Rxa6 Nxd4 12. Nxd4 Qxd4 13. Be3 Qe5 14. f4 Qb2 15.
Qa4+ Kf8 16. Rxa7 Rxa7 17. Qxa7 g6 0-1

[Event "AUTO-OPEN-1583"]
[Site "http://www.queenalice.com/game.php?id=601203"]
[Date "2009.6.10"]
[Round "1"]
[White "Archer"]
[Black "gyatso"]
[Result "1-0"]
[WhiteElo "1718"]
[BlackElo "1751"]

1. e4 Nf6 2. Nc3 d5 3. e5 d4 4. exf6 dxc3 5. bxc3 exf6 6. Nf3 Bd6 7. Bc4 O-O 8.
O-O Bg4 9. a4 Nc6 10. d4 Re8 11. Bd3 Ne7 12. c4 c6 13. c5 Bc7 14. a5 f5 15. h3
Bh5 16. a6 bxa6 17. Bxa6 Bxf3 18. Qxf3 1-0